000 00746na a2200241 4500
001 13257
003 MIRAKIL
005 20181213154804.0
008 161012b tu 000 0
020 _a9786051371542
040 _aMilas
_btur
_cTR-AnCHP
041 _atur
082 _a382.6
_bB36s 2012
090 _a382.6 B36s 2012
100 _aBerksoy, Binhan Oğuz
245 _aSektörel olarak komşu ülkelerde Türkiye'nin ihracat potansiyeli
_cBinhan Oğuz Berksoy
260 _aİstanbul
_bİstanbul Ticaret Odası
_c2012
300 _a164 s.
_c24 sm.
490 _aİstanbul Ticaret Odası Yayınları
_v28
650 _aDış ticaret
_xİstihdam
_ySektörler
650 _aİhracat
_xSınır ülkeler
_zTürkiye
942 _2dcc
_cBKS
999 _c871
_d871